Statistics for 5 Biggest Cities in Each U.S. State

Click here to take the quiz!

General Stats

  • This quiz has been taken 41 times
  • The average score is 139 of 250

Answer Stats

StateCityCity Population% Correct
ColoradoDenver708,948
100%
CaliforniaLos Angeles3,748,640
100%
ArizonaPhoenix1,676,481
100%
CaliforniaSan Diego1,375,452
100%
CaliforniaSan Francisco746,481
100%
IndianaIndianapolis874,089
97%
MississippiJackson138,998
97%
ArkansasLittle Rock203,106
97%
FloridaMiami456,229
97%
GeorgiaAtlanta498,386
94%
MassachusettsBoston629,842
94%
IllinoisChicago2,590,002
94%
FloridaJacksonville990,931
94%
New YorkNew York City7,931,147
94%
MainePortland68,356
94%
OregonPortland616,840
94%
ArizonaTucson550,472
94%
AlaskaAnchorage283,424
90%
MarylandBaltimore556,723
90%
MichiganDetroit603,410
90%
ConnecticutHartford120,734
90%
HawaiiHonolulu349,913
90%
KansasKansas City150,403
90%
MissouriKansas City510,411
90%
NevadaLas Vegas665,811
90%
MinnesotaMinneapolis419,508
90%
LouisianaNew Orleans356,280
90%
PennsylvaniaPhiladelphia1,533,916
90%
MissouriSaint Louis272,673
90%
CaliforniaSan Jose932,636
90%
MissouriSpringfield170,970
90%
MassachusettsSpringfield152,721
90%
FloridaTampa408,438
90%
North CarolinaCharlotte920,325
87%
OhioColumbus909,676
87%
GeorgiaColumbus198,234
87%
TexasDallas1,295,447
87%
AlaskaJuneau31,168
87%
KentuckyLouisville616,447
87%
TennesseeNashville677,519
87%
FloridaOrlando324,429
87%
TexasSan Antonio1,506,593
87%
WashingtonSeattle757,992
87%
New MexicoAlbuquerque557,161
84%
TexasAustin983,126
84%
LouisianaBaton Rouge216,641
84%
AlabamaBirmingham193,491
84%
IdahoBoise237,250
84%
New YorkBuffalo275,352
84%
West VirginiaCharleston45,616
84%
South CarolinaCharleston156,602
84%
TexasHouston2,305,889
84%
TennesseeMemphis610,944
84%
AlabamaMontgomery193,948
84%
New JerseyNewark300,075
84%
DelawareNewark30,305
84%
OklahomaOklahoma City706,576
84%
NebraskaOmaha477,705
84%
UtahSalt Lake City208,656
84%
GeorgiaSavannah148,566
84%
OhioCleveland351,397
81%
IowaDes Moines208,254
81%
New HampshireDover34,057
81%
DelawareDover37,811
81%
AlaskaFairbanks31,813
81%
CaliforniaFresno548,687
81%
NebraskaLincoln293,678
81%
ArizonaMesa519,133
81%
WisconsinMilwaukee550,099
81%
PennsylvaniaPittsburgh303,034
81%
Rhode IslandProvidence188,398
81%
MinnesotaRochester122,191
81%
New YorkRochester207,537
81%
New HampshireRochester33,822
81%
GeorgiaAugusta202,192
77%
MontanaBillings122,715
77%
OhioCincinnati309,452
77%
ColoradoColorado Springs492,204
77%
AlabamaHuntsville227,522
77%
AlabamaMobile179,967
77%
North CarolinaRaleigh488,854
77%
NevadaReno281,931
77%
VirginiaRichmond231,782
77%
North CarolinaWinston-Salem252,907
77%
ColoradoAurora400,325
74%
IllinoisAurora175,535
74%
WyomingCheyenne64,000
74%
TexasFort Worth989,842
74%
New JerseyJersey City281,421
74%
WisconsinMadison275,493
74%
ConnecticutNew Haven143,871
74%
OregonSalem179,043
74%
South DakotaSioux Falls210,747
74%
OklahomaTulsa410,131
74%
KansasWichita394,381
74%
DelawareWilmington72,291
74%
North DakotaBismarck75,153
71%
MissouriColumbia130,624
71%
South CarolinaColumbia143,210
71%
MarylandColumbia107,788
71%
North DakotaFargo136,909
71%
New HampshireManchester114,783
71%
MinnesotaSaint Paul295,222
71%
New YorkSyracuse142,110
71%
IndianaFort Wayne271,493
68%
MichiganGrand Rapids195,118
68%
WisconsinGreen Bay104,936
68%
North CarolinaGreensboro305,314
68%
KentuckyLexington318,081
68%
New MexicoSanta Fe90,292
68%
IowaSioux City85,232
68%
WashingtonSpokane231,133
68%
VirginiaVirginia Beach451,590
68%
ConnecticutBridgeport148,589
65%
New HampshireConcord44,964
65%
NevadaHenderson343,791
65%
TennesseeKnoxville200,300
65%
UtahProvo111,944
65%
FloridaSaint Petersburg263,515
65%
KansasTopeka124,479
65%
LouisianaShreveport173,479
61%
New YorkYonkers205,253
61%
MichiganAnn Arbor116,125
58%
TennesseeChattanooga186,612
58%
ArkansasFayetteville103,801
58%
VirginiaNorfolk228,252
58%
WashingtonTacoma223,859
58%
OhioToledo262,336
58%
AlabamaTuscaloosa116,990
58%
OhioAkron186,888
55%
IowaCedar Rapids135,116
55%
IowaDavenport99,326
55%
North CarolinaDurham299,494
55%
OregonEugene178,457
55%
LouisianaLafayette121,333
55%
MaineBangor31,460
52%
VermontBurlington44,448
52%
WyomingCasper57,787
52%
ArizonaChandler284,095
52%
VirginiaChesapeake255,173
52%
MinnesotaDuluth86,520
52%
PennsylvaniaErie92,318
52%
ColoradoFort Collins168,519
52%
MississippiGulfport71,600
52%
NevadaNorth Las Vegas299,895
52%
VirginiaArlington235,256
48%
MassachusettsCambridge118,627
48%
HawaiiHilo50,006
48%
New MexicoLas Cruces116,077
48%
ConnecticutStamford136,828
48%
MontanaBozeman58,635
45%
IndianaEvansville114,134
45%
ArkansasFort Smith90,837
45%
IdahoIdaho Falls69,561
45%
IllinoisJoliet149,845
45%
OklahomaNorman131,093
45%
WashingtonVancouver197,765
45%
KentuckyBowling Green77,396
42%
MarylandFrederick85,998
42%
ArizonaGilbert281,535
42%
IllinoisNaperville150,456
42%
KansasOverland Park197,730
42%
South DakotaRapid City82,724
42%
IllinoisRockford145,019
42%
TennesseeClarksville186,449
39%
West VirginiaHuntington44,739
39%
New HampshireNashua91,129
39%
MississippiBiloxi48,812
35%
New JerseyElizabeth131,915
35%
GeorgiaMacon155,369
35%
North DakotaMinot47,139
35%
IdahoNampa120,599
35%
HawaiiPearl City48,465
35%
New MexicoRoswell46,355
35%
ConnecticutWaterbury115,739
35%
PennsylvaniaAllentown124,466
32%
MaineAuburn24,310
32%
MinnesotaBloomington85,750
32%
North DakotaGrand Forks58,244
32%
WyomingLaramie32,647
32%
IdahoMeridian140,067
32%
MontanaMissoula79,516
32%
South CarolinaNorth Charleston121,653
32%
NebraskaBellevue61,708
29%
WashingtonBellevue153,768
29%
OklahomaBroken Arrow121,900
29%
HawaiiEast Honolulu51,850
29%
WyomingGillette33,049
29%
ArkansasJonesboro80,900
29%
ColoradoLakewood156,004
29%
West VirginiaMorgantown30,385
29%
KansasOlathe149,657
29%
KentuckyOwensboro59,836
29%
New JerseyPaterson154,169
29%
MontanaButte36,265
26%
IndianaCarmel104,030
26%
Rhode IslandEast Providence46,335
26%
MissouriIndependence119,430
26%
MaineLewiston39,876
26%
Rhode IslandPawtucket74,652
26%
UtahWest Jordan116,304
26%
UtahWest Valley City133,333
26%
KentuckyCovington40,978
23%
MontanaGreat Falls60,333
23%
WisconsinKenosha97,073
23%
MassachusettsLowell111,850
23%
PennsylvaniaReading94,744
23%
Rhode IslandWarwick83,187
23%
MassachusettsWorcester205,575
23%
South DakotaAberdeen27,989
19%
WisconsinRacine75,239
19%
New MexicoRio Rancho111,803
19%
South CarolinaRock Hill76,008
19%
VermontRutland15,606
19%
MaineSouth Portland27,477
19%
MichiganSterling Heights131,022
19%
UtahSt. George109,006
19%
West VirginiaWheeling25,808
19%
DelawareBear24,743
16%
Rhode IslandCranston82,018
16%
IndianaFishers104,476
16%
MississippiHattiesburg48,173
16%
NebraskaKearney34,691
16%
DelawareMiddletown26,018
16%
VermontSouth Burlington20,959
16%
IowaAnkeny76,081
13%
VermontEssex Junction11,251
13%
LouisianaMetairie141,581
13%
South CarolinaMount Pleasant97,998
13%
West VirginiaParkersburg28,720
13%
MississippiSouthaven57,879
13%
ArkansasSpringdale88,032
13%
MichiganWarren135,113
13%
North DakotaWest Fargo41,074
13%
IdahoCaldwell71,195
10%
OklahomaEdmond97,822
10%
MarylandGermantown90,891
10%
NebraskaGrand Island52,009
10%
OregonGresham108,776
10%
OregonHillsboro107,617
10%
HawaiiKailua42,746
10%
WyomingRock Springs22,551
10%
MarylandWaldorf84,443
10%
AlaskaBadger18,930
6%
VermontBennington8,967
6%
South DakotaBrookings24,626
6%
AlaskaKnik-Fairview19,556
6%
New JerseyToms River95,573
6%
South DakotaWatertown23,363
6%
NevadaEnterprise236,331
3%

Score Distribution

Percentile by Number Answered

Percent of People with Each Score

Your Score History

You have not taken this quiz